Catálogo
 En Linea

Le destin des caraibes = (Registro nro. 31773)

Detalles MARC
000 -CABECERA
campo de control de longitud fija 00523nam a2200169 a 4500
001 - NÚMERO DE CONTROL
campo de control 000032282
005 - FECHA Y HORA DE LA ÚLTIMA TRANSACCIÓN
campo de control 20200930063602.0
008 - DATOS DE LONGITUD FIJA--INFORMACIÓN GENERAL
campo de control de longitud fija 110714s1941 ht 000 0 spa d
040 ## - FUENTE DE LA CATALOGACIÓN
Centro catalogador/agencia de origen DO-SdBNP
Lengua de catalogación spa
Centro/agencia transcriptor BNPHU
041 1# - CÓDIGO DE LENGUA
Código de lengua del texto/banda sonora o título independiente fre
Código de lengua del sumario o resumen spa
100 1# - ENTRADA PRINCIPAL--NOMBRE DE PERSONA
Nombre de persona Morisseau-Leroy, F.
9 (RLIN) 58322
245 10 - MENCIÓN DE TÍTULO
Título Le destin des caraibes =
Resto del título El destino del Caribe /
Mención de responsabilidad, etc. F. Morisseau-Leroy.
246 12 - FORMA VARIANTE DE TÍTULO
Título propio/Titulo breve El destino del Caribe
260 ## - PUBLICACIÓN, DISTRIBUCIÓN, ETC.
Lugar de publicación, distribución, etc. Port-au-Prince, Haití :
Nombre del editor, distribuidor, etc. Avril,
Fecha de publicación, distribución, etc. 1941.
300 ## - DESCRIPCIÓN FÍSICA
Extensión 107 p. ;
Dimensiones 20 cm.
500 ## - NOTA GENERAL
Nota general Texto en francés y español
Existencias
Estado de retiro Estado de pérdida Restricciones de uso No para préstamo Código de colección Localización permanente Ubicación/localización actual Ubicación en estantería Fecha de adquisición Número de inventario Total de préstamos Signatura topográfica completa Código de barras Fecha visto por última vez Precio válido a partir de Tipo de ítem Koha Nota pública
      Excluido de préstamo Monografías: Libros y Folletos Patrimonio Dominicano Patrimonio Dominicano En catalogación 14.07.2011 LF1   32282-10 25.06.2020 25.06.2020 No se presta Perteneció a la biblioteca personal de Julio Ortega Frier.

Con tecnología Koha